Shreveport Regional Airport Destinations (Shreveport, LA, USA) - Statistics

General Stats
  • This quiz has been taken 37 times
    16 since last reset
  • The average score is 8 of 9
Answer Stats
Airline Destination % Correct
Delta Connection Atlanta
100%
American Eagle Charlotte
100%
American Eagle Dallas/Fort Worth
100%
United Express Houston (Intercontinental)
100%
Allegiant Air Orlando/Sanford
92%
United Express Denver
83%
Allegiant Air Las Vegas
75%
Allegiant Air Destin/Fort Walton Beach
58%
Allegiant Air Nashville
58%
No matching quizzes found
Score Distribution
Percent of People with Each Score
Percentile by Number Answered
Your Score History
You have not taken this quiz since the last reset